Je libo daňové plánování?
Vysvetlenie pojmu trust. Využitie trustu k vyhnutiu sa plateniu dedičskej dane a dedičskému vysporiadaniu. Daňové zaťaženie vkladov trustu. Obmedzené práva zakladateľa trustu na príklade islamského práva. Úloha správcov vkladov trustu. Príklad trustu pre podnikateľa pokiaľ pozostalí zdedili spoločno...
Guardado en:
| Autor principal: | |
|---|---|
| Otros Autores: | |
| Formato: | Capítulo de libro |
| Lenguaje: | checo |
| Materias: | |
| Etiquetas: |
Sin Etiquetas, Sea el primero en etiquetar este registro!
|
MARC
| LEADER | 00000naa a2200000 4500 | ||
|---|---|---|---|
| 001 | r025973 | ||
| 005 | 20230920093659.3 | ||
| 041 | 0 | |a cze | |
| 044 | |a CZ | ||
| 245 | 1 | 0 | |a Je libo daňové plánování? |c H.T.D. Bilton, Karel Žídek |
| 520 | |a Vysvetlenie pojmu trust. Využitie trustu k vyhnutiu sa plateniu dedičskej dane a dedičskému vysporiadaniu. Daňové zaťaženie vkladov trustu. Obmedzené práva zakladateľa trustu na príklade islamského práva. Úloha správcov vkladov trustu. Príklad trustu pre podnikateľa pokiaľ pozostalí zdedili spoločnosti vo viacerých štátoch. | ||
| 610 | 2 | 0 | |a trusty |
| 610 | 2 | 0 | |a dane z dedičstva |
| 610 | 2 | 0 | |a oslobodenie od daní |
| 610 | 2 | 0 | |a zaťaženie daňové |
| 100 | 1 | |a Bilton, H.T.D. | |
| 700 | 1 | |a Žídek, Karel | |